Statistiques concernant Focus sur: Gripoil - Tolkien

Cliquez ici pour prendre le quiz!

Statistiques générales

  • Ce quiz a été pris 22 fois
  • Le résultat moyen est 6 sur 8

Statistiques - réponses

Informations recherchéesRéponses% Correct
Couleur de la robeArgenté
100%
CavalierGandalf
100%
Age durant lequel elle vécutTroisième
100%
EspèceCheval
95%
Première mentionLe Seigneur des Anneaux: La Communauté de l'Anneau
95%
ContréeRohan
82%
Groupe de l'espèceMearas
55%
Autre traduction du nomScadufax
14%

Distribution des résultats

Percentile par nombre de réponses

% des personnes avec chaque résultat

Votre développement - résultats

Vous n’avez pas pris ce quiz